00435nam a2200169Ia 4500003000400000005001700004008004000021040000700061041001200068082001700080100002900097245003900126250000700165260005100172300001200223650003000235OSt20241008095307.0210210b1984 xxu||||| |||| 00| 0 eng d cAL aEnglish a822.33D IYES aIYENGAR (K R Srinivasa). aShakespeare: His world and his art a2. aNew DelhibSterling Publishers Pvt Ltd.,c1984 axvi,711 aShakespeare Criticism Art